LEADER 00690nam a2200181 i 4500 001 000000200049 003 CaOOAMICUS 005 20110401000000.0 008 110401s1909 it u000 u ita u 013 $a178747 040 $aSeMil$bita 245 10$aThéorie e la lune. 300 $a136 p. 700 1 $aPoincaré, Henri,$d<1854-1912>.$0(OLS)http://semarc/name/10921 773 0 $aPoincaré, Henri <1854-1912>$tLeçons de mécanique céleste professées a la Sorbonne.$dParis : Gauthier-Villars, 1905.$gTome2$w()24667 850 $aSeMil 852 $aSeMil$W1$xVenegono$y1$m3XF IV 15$j150583$B150583$CSeMilBibl$Z2$F161924 $81 996 $6245$aThéorie e la lune$9(OLS)http://semarc/title/289259 LEADER 00618nam a2200181 i 4500 001 000000043016 003 CaOOAMICUS 005 20260331111918.0 008 990601s1979 it u000 u ita u 040 $aSeMil$bita 245 10$a1: A-C. 300 $aXXVII, 307 p. 773 0 $aCortelazzo, Manlio$tDizionario etimologico della lingua italiana.$dBologna : Zanichelli, 1979-1988.$g1$w()812 850 $aSeMil 852 $aSeMil$W1$xVenegono$y1$m1P VI 17/1$j269406$B9171$CSeMilBibl$Z2$F9171 $81 961 $aOmaggio: Ciprandi dott. Paolo 996 $6245$a1: A-C$9(OLS)http://semarc/title/139210